header

Pacific partnerships for health (Record no. 64265)

MARC details
000 -LEADER
fixed length control field 01468nam a2200313Ia 4500
082 04 - DEWEY DECIMAL CLASSIFICATION NUMBER
Classification number 362.1/0996
245 00 - TITLE STATEMENT
Title Pacific partnerships for health
260 ## - PUBLICATION, DISTRIBUTION, ETC. (IMPRINT)
Place of publication Washington, D.C. :
Name of publisher National Academy Press,
Year of publication 1998.
300 ## - PHYSICAL DESCRIPTION
Number of Pages xvi, 154 p. :
Other physical details ill., maps.
650 #0 - SUBJECT ADDED ENTRY--TOPICAL TERM
Topical Term Public health
Topical Term Community health services
700 1# - ADDED ENTRY--PERSONAL NAME
Personal name Feasley, Jill C.,
Personal name Lawrence, Robert S.,
856 40 - ELECTRONIC LOCATION AND ACCESS
Uniform Resource Identifier http://site.ebrary.com/lib/rucke/Doc?id=10055542

No items available.

© 2026 Rongo University
Contact us: librarian | system librarian | Rongo university